• 首页
  • 本馆介绍
  • 公告通知
  • 最新文献
  • 馆藏检索
  • 电子资源
  • 读者导购
  • 参考咨询
  • 我的图书馆
  • 登录
  • 详细信息显示
  • 放入我的书架
  • 预约/预借图书
  • 作者相关作品
  • 分类相关作品
  • 丛书相关作品
  • 出版社相关作品

书目信息

  • 表格格式
  • 工作单格式
  • 卡片格式
题名:
果品蔬菜贮藏保鲜方法
    
 
作者: 梁殿佑 主编
分册:  
出版信息: 北京   宇航出版社  1989
页数: 222页
开本: 19cm
丛书名:
单 册:
中图分类: S660.9
科图分类:
主题词: 果品--食品保鲜 , 蔬菜--食品保鲜
电子资源:
ISBN: 978-7-80034-167-0
000 00658nam0 2200229 450
001 0100395916
005 20101119124613.0
010    @a978-7-80034-167-0@dCNY3.5
100    @a20021005d1989 em y0chiy0110 ea
101 0  @achi
102    @aCN@b110000
105    @ay z 000yy
106    @ar
200 1  @a果品蔬菜贮藏保鲜方法@9Guo Pin Shu Cai Zhu Cang;Zang Bao Xian Fang Fa @f梁殿佑主编@b专著
210    @a北京@c宇航出版社@d1989
215    @a222页@d19cm
606 0  @a果品@x食品保鲜
606 0  @a蔬菜@x食品保鲜
690    @aS660.9@v3
701  0 @a梁殿佑@9liang dian you@4主编
801  0 @aCN@bAiZhiMarc@c19800101
905    @aBZT@dS660.9@e16@f3@sS660.9/16
    
    果品蔬菜贮藏保鲜方法/梁殿佑主编.-北京:宇航出版社,1989
    222页;19cm
    
    
    ISBN 978-7-80034-167-0:CNY3.5
    
●
相关链接 在五车中查询图书 在当当中查询图书 在豆瓣中查询图书


正题名:果品蔬菜贮藏保鲜方法     索取号:S660.9/16         预约/预借

序号 登录号 条形码 馆藏地/架位号 状态 备注
1 2000116566   2000116566   旧书回溯/ [索取号:S660.9/16] 在馆    
2 2000116567   2000116567   旧书回溯/ [索取号:S660.9/16] 在馆    
3 2000116568   2000116568   旧书回溯/ [索取号:S660.9/16] 在馆    
山东省滨州职业学院图书馆 欢迎您!
大连网信软件有限公司© 版权所有